| 000 | 00332 a2200145 4500 | ||
|---|---|---|---|
| 003 | Nust | ||
| 005 | 20230227125722.0 | ||
| 040 | _cNust | ||
| 082 | _a200,BUN | ||
| 100 |
_aJohn Bunyan _9109599 |
||
| 245 |
_aCrace Abounding to the Chif of Sinners / _cJohn Bunyan |
||
| 260 |
_alondon _bSamuel |
||
| 300 | _a251p; | ||
| 942 |
_2ddc _cBK |
||
| 999 |
_c193873 _d193873 |
||